| 000 | 00623 a2200181 4500 | ||
|---|---|---|---|
| 003 | Nust | ||
| 005 | 20170207153219.0 | ||
| 040 | _cNust | ||
| 082 | _a621.382 | ||
| 100 | _aMalik, Amir Inayat (MSEE-10) | ||
| 245 |
_aPerformance analysis of space time codes for wireless communication _cAmir Inayat Malik |
||
| 260 |
_bMCS, NUST _c2008 _aRawalpindi |
||
| 300 | _ax, 70, p.; | ||
| 505 | _aEffects of wireless channel (page-1) Fundamentals of space time codes (page-6) Space time trellis codes (page-20) Conclusion and future work (page-650). | ||
| 538 | _aAlmirah No 69 Shelf No 2 | ||
| 650 | _aMS Thesis | ||
| 651 | _aMSEE-10 | ||
| 942 | _cTHS | ||
| 999 |
_c181738 _d181738 |
||